| 000 | 00677nam a2200217Ia 4500 | ||
|---|---|---|---|
| 003 | OSt | ||
| 005 | 20220928140535.0 | ||
| 006 | a|||||r|||| 00| 0 | ||
| 007 | ta | ||
| 008 | 220927b |||||||| |||| 00| 0 eng d | ||
| 024 | _a9262 | ||
| 037 | _cTextual | ||
| 040 |
_aSDCL _cSDCL _beng |
||
| 041 |
_2eng _aeng |
||
| 082 | _aO-,3L:g(S), M3 | ||
| 100 |
_aKeener Frederick M _9495777 |
||
| 245 | 0 |
_aChain of becoming _b The philosophical tale, the novel, and a neglected realism of the enlightenment Swift, Montesquieu, Voltaire, Johnson and Austin. |
|
| 260 | _c1983 | ||
| 942 |
_hO-,3L:g(S), M3 _cTEXL _2CC |
||
| 999 |
_c812010 _d812010 |
||